[Event "FIDE World Cup"]
[Site "Baku"]
[Date "2015.09.25"]
[Round "5.1"]
[White "Eljanov, Pavel"]
[Black "Nakamura, Hikaru"]
[Result "1-0"]
[WhiteElo "2717"]
[BlackElo "2814"]
[Annotator "Eljanov,P"]
[PlyCount "115"]
[EventDate "2015.09.11"]
[EventType "k.o."]
[EventRounds "7"]
[EventCountry "AZE"]
[SourceTitle "CBM 169"]
[Source "ChessBase"]
[SourceDate "2015.11.10"]
[SourceVersion "1"]
[SourceVersionDate "2015.11.10"]
[SourceQuality "1"]

1. d4 d5 2. Nf3 Nf6 3. c4 e6 4. g3 Be7 5. Bg2 O-O 6. O-O dxc4 7. Qc2 a6 8. a4
Bd7 9. Qxc4 Bc6 10. Bg5 Bd5 11. Qc2 Be4 12. Qc1 $5 {A pretty rare move
nowadays although very logical in my view: White puts pressure along the
c-file and interferes with the typical play c7-c5.} ({My opponent had been
playing this line with success with White:} 12. Qd1 c5 13. dxc5 Bxc5 14. Qxd8 (
{also in Baku Giri beat Leko in nice technical manner} 14. Nbd2 Bc6 15. Ne5
Bxg2 16. Kxg2 Be7 17. Rc1 Nbd7 18. Nxd7 Qxd7 19. Nf3 Qxd1 20. Rfxd1 $14 {
1-0 (46) Giri,A (2793)-Leko,P. This one reminded me of the other game which
was played in 1980 in Amsterdam (before Anish was born), Ribli-Karpov. I was
not yet born in 1980 either but thanks to chess books I found out this
exemplary game won by the Hungarian grandmaster.}) 14... Rxd8 15. Nbd2 Bc6 16.
Nb3 Be7 17. Na5 h6 18. Be3 Nd5 19. Bd2 Nb6 20. Bf4 Nd5 21. Ne5 g5 $6 (21...
Nxf4 22. gxf4 Bxg2 23. Kxg2 Nd7 $11) 22. Bd2 Bf6 23. Nd3 $14 {1-0 (43)
Nakamura,H (2814)-Anand,V (2816) Saint Louis 2015}) 12... h6 13. Bxf6 Bxf6 14.
Rd1 a5 15. Nbd2 Bh7 $146 {A very logical novelty - Black simply does not want
to give up his bishop.} ({Probably more principled is} 15... Bxf3 {because now
we get a very typical structure for this line. In the last round of the super
tournament in Biel this year I played an identical structure with Adams. I
lost but because of rook blunders not an opening outcome (I was clearly better
all along).} 16. Bxf3 c6 17. Nc4 Nd7 18. Qd2 Be7 19. h4 Bb4 20. Qc2 Nb6 21. Ne5
Bd6 22. Nd3 Nd5 23. e4 Nb4 24. Qe2 Qe7 (24... Nxd3 25. Rxd3 Qe7 $11) 25. e5 Bc7
26. Nf4 Rad8 27. Qe4 Bb6 28. Nh5 Nd5 29. Ra3 f6 30. Rb3 fxe5 31. dxe5 Qf7 32.
Qg4 Kh8 $2 (32... Nb4 $13) 33. Rxd5 Rxd5 34. Rxb6 Rxe5 35. Nf4 $18 {1-0 (50)
Sasikiran,K (2682)-Svetushkin,D (2592) Moscow 2015}) 16. Nb3 c6 17. Qc3 {
I have to put pressure on the a5-pawn. Otherwise the black knight will be
transferred to b4 and secure Black from any trouble.} Be7 18. Nc5 Qc7 19. Ne5
Na6 20. Nxb7 $1 {The only way to fight for an advantage.} Qxb7 21. Bxc6 Qc7 $2
{This looks like the only serious mistake by Black in this game. After a long
think Hikaru didn't find the correct way.} (21... Qa7 22. Bxa8 Bb4 $1 {an
important intermediate move. I believed that White still has a way to the edge
but analysis shows that Black is able to establish an exact defensive plan.}
23. Qf3 Qxa8 (23... Rxa8 $4 24. Nc6) 24. Qxa8 Rxa8 25. Rac1 Be4 $1 {It is very
important to transfer the bishop to the defence of the queenside} 26. Nc6 (26.
f3 Bd5 27. Nc4 Rd8 28. Kf2 f5 $132) 26... Bd5 27. Nxb4 Nxb4 28. Rc3 Bc6 29. Rc5
Kf8 30. Rdc1 Ra6 $132 {and now it's unlikely that White can break through such
a strong defence.}) 22. Bxa8 Qxc3 23. bxc3 Rxa8 24. Nc6 $1 Bd8 25. Nxd8 Rxd8
26. f3 $1 {Now apart from the fact that White has a more flexible pawn
structure the black bishop has lost all prospects. White does not have access
to the b-file but this factor is not so important and in the game I slowly
managed to regroup and grab the file.} Rc8 27. Ra3 Bg6 ({Difficult to advise
something concrete. It is logical to bring the king:} 27... Kf8 28. Kf2 Ke7 {
but I'm not forced to hurry and am able to strengthen the position on the
kingside first} 29. g4 $1 (29. Rd2 Rb8 30. Raa2 Rb3 31. Rab2 Rxc3 32. Rb5 Bc2
33. Rxa5 Nc7) 29... Nc7 30. e4 Rb8 31. h4 {and White has a big advantage.}) 28.
Kf2 Rb8 29. Rd2 f6 30. Raa2 $1 {Now when Black's king is far from the centre -
I have time to penetrate with success.} Rb3 31. Rab2 Rxc3 32. Rb5 Bc2 33. Rxa5
Nc7 34. Ra7 f5 (34... Kf8 35. a5 Ba4 (35... Ke8 36. Rb7 Kd8 37. d5 exd5 38. a6
Nxa6 39. Rxd5+ Kc8 40. Rxg7 $18) 36. Rb7 Bb5 37. e4 Ba6 38. Rb6 $18) 35. a5 Kh7
36. Rb7 Rc4 37. Rb6 Ba4 38. a6 Bc6 39. a7 Bd5 40. Ra2 Rxd4 41. Rc2 Na8 42. Ra6
{Black managed to get a foothold on the last line of defence. But as a rule
such positions are indefensible and I was able to prove it in practice.} Rd1
43. h4 $1 {Typical play on the principle of two weaknesses. Black should
prevent 44.h5 but at the same time also other ways are bad.} h5 (43... Kg6 44.
Rc8 Bb7 (44... Kf6 45. Rd8 Ke7 46. Rad6 Nb6 47. a8=Q Nxa8 48. R6d7+ Kf6 49.
Rxa8 $18) 45. Rxe6+ Kf7 46. Rce8 $18) (43... g5 44. h5 Kg7 45. Rb2 $18) 44. Ke3
Rg1 45. Kf4 Rg2 46. Rd6 Rg1 47. Rc8 Ra1 48. Kg5 ({Another way was also fine:} 
48. Rxd5 exd5 (48... Nb6 49. a8=Q $18) 49. Rxa8 Kg6 50. Ke5 Ra5 51. e3 Kh7 52.
Kd6 Kg6 53. Kc6 Ra1 54. Kxd5 $18) 48... Rxa7 49. Rdd8 g6 50. Rh8+ ({Of course
it would be nicer to finish the game with mate in 4 but I honestly did not
even consider alternatives to 50.Rh8.} 50. Kf6 $1 Kh6 51. Rh8+ Rh7 52. Rcg8
Rxh8 53. Rxh8# {the game continuation promises about +5 computer units. Which
is also good.}) 50... Kg7 51. Rcg8+ Kf7 52. Rxg6 Ra6 53. Rh7+ Kf8 54. Kxh5 Nb6
55. Kg5 Nc4 56. h5 Nd6 57. Rf6+ Kg8 58. Rd7 1-0

[Event "SWE-chT"]
[Site "Sweden"]
[Date "1996.??.??"]
[Round "?"]
[White "Bator, Robert"]
[Black "Schussler, Harry"]
[Result "1-0"]
[WhiteElo "2445"]
[BlackElo "2465"]
[Annotator "Engqvist"]
[PlyCount "119"]
[EventDate "1996.??.??"]
[EventType "team"]
[EventRounds "9"]
[EventCountry "SWE"]
[SourceTitle "CBM 056"]
[Source "ChessBase"]
[SourceDate "1997.02.01"]
[SourceVersion "1"]
[SourceVersionDate "1997.02.01"]
[SourceQuality "1"]

1. d4 Nf6 2. c4 e6 3. g3 d5 4. Bg2 Be7 5. Nf3 O-O 6. O-O dxc4 (6... Nbd7 {
- E07-E09}) 7. Qc2 a6 8. a4 (8. Qxc4 b5 9. Qc2 Bb7 $10) 8... Bd7 9. Rd1 (9.
Qxc4 Bc6 10. Bg5 {is the main line.}) 9... Bc6 10. Nc3 {><c4} Bxf3 (10... Bb4 {
/\Bc3}) 11. Bxf3 Nc6 12. Bxc6 bxc6 13. Bg5 (13. a5 Qb8 14. Qa4 c5 15. Qxc4 cxd4
16. Rxd4 c5 17. Rd1 Qb4 18. Ra4 {1/2 Razuvaev-Geller, Moskva 1982}) 13... a5 $5
$146 (13... c5 14. dxc5 (14. d5 $5 {Barkhagen} Nxd5 (14... exd5 15. Bxf6 Bxf6
$10) 15. Bxe7 Qxe7 16. Nxd5 exd5 17. Rxd5 Rab8 $10) 14... Qb8 15. Ne4 Qb3 16.
Qxb3 cxb3 17. Bxf6 Bxf6 18. Nxf6+ gxf6 19. Rd4 Rfb8 20. Kf1 e5 21. Rg4+ Kf8 22.
Ke1 Rd8 23. Rc1 Rab8 24. Rc3 Rd5 25. f3 Ke7 26. Rgc4 {1/2 Razuvaev-Kotronias,
Moskva 1989}) 14. Bxf6 Bxf6 (14... gxf6 15. e4 {/\d5 Schussler}) 15. Ne4 Rb8 (
15... Be7 16. Qxc4) 16. Ra3 $1 Be7 17. Rc3 Rb4 18. Rxc4 Rxc4 19. Qxc4 Qd5 20.
Qc2 Rb8 21. e3 h5 (21... h6 $5 {Schussler}) 22. h4 Bd6 23. Rc1 e5 24. dxe5 Qxe5
25. b3 g6 26. Nxd6 cxd6 $2 (26... Qxd6 {Schussler} 27. Qxc6 Qxc6 28. Rxc6 Rxb3
29. Rc5 Ra3 30. Rxa5 c5 $14) 27. Qxc6 Rxb3 28. Rd1 Qc5 29. Qxd6 Qxd6 30. Rxd6
Ra3 (30... Rb4 31. Rd4) 31. Rd4 Ra2 32. Kg2 f6 33. Kf3 Kf7 34. e4 Ke6 35. Ke3
Ra3+ 36. Kf4 Ra2 37. f3 Ra3 38. g4 hxg4 39. Kxg4 (39. fxg4 $5) 39... Ra1 40.
Rc4 Rg1+ 41. Kf4 Rh1 42. Kg3 Rg1+ 43. Kf2 Rh1 (43... Ra1) 44. Rc5 Rxh4 45. Rxa5
Rh1 46. Rb5 Ra1 47. a5 f5 $5 48. Ke3 Ra4 49. Rb6+ Kf7 50. a6 fxe4 51. fxe4 g5
52. Kf3 Ke7 53. Rh6 Kf7 54. Rc6 Ke7 55. Rb6 Kf7 56. Rb7+ Ke6 $2 $138 (56... Kf6
57. Ra7 $140 Ra3+ 58. Kg4 Ra4) 57. Ra7 Kf6 (57... Ra3+ 58. Kg4 Ra4 59. Kxg5
Rxe4 60. Ra8 Ra4 61. a7 Kf7 62. Rh8 $18) 58. Ra8 g4+ 59. Ke3 Kg7 60. a7 1-0

[Event "Odorheiu Secuiesc"]
[Site "Odorheiu Secuiesc"]
[Date "1993.??.??"]
[Round "1"]
[White "Horvath, Jozsef"]
[Black "Wells, Peter K"]
[Result "1-0"]
[WhiteElo "2535"]
[BlackElo "2485"]
[Annotator "Ftacnik,L"]
[PlyCount "75"]
[EventDate "1993.05.??"]
[EventType "tourn"]
[EventRounds "11"]
[EventCountry "ROU"]
[EventCategory "12"]
[SourceTitle "CBM 036"]
[Source "ChessBase"]
[SourceDate "1993.10.01"]
[SourceVersion "1"]
[SourceVersionDate "1993.10.01"]
[SourceQuality "1"]

1. d4 Nf6 2. c4 e6 3. g3 d5 4. Bg2 Be7 5. Nf3 O-O 6. O-O dxc4 7. Qc2 a6 8. Qxc4
b5 9. Qc2 Bb7 10. Bf4 Nc6 11. Rd1 Nb4 12. Qc1 Rc8 13. Nc3 Nbd5 14. Be5 (14. Be3
c6 $5 15. Ne5 Qb6 16. Nxd5 cxd5 17. Qd2 b4 18. Bg5 Rc7 19. Rac1 Rfc8 20. Rxc7
Rxc7 21. Rc1 a5 $10 {Andersson,U-Beliavsky,A/Reggio Emilia/1989/1-0 (62)}) (14.
Nxd5 Bxd5 (14... Nxd5 15. Bg5 c5 16. dxc5 Qe8 17. Bxe7 Qxe7 18. Ne5 Rxc5 19.
Qd2 Qc7 20. Nd3 Rc2 21. Qe1 Nf6 22. Bxb7 Qxb7 23. Rac1 Rxc1 24. Rxc1 $14 {
Ribli,Z-Gligoric,S/Novi Sad/1982/1-0 (49)}) 15. Be3 Ng4 (15... c6 16. Ne1 Ng4
17. Bf3 $1 Nxe3 18. Qxe3 Bf6 19. Qa3 Bxf3 20. Nxf3 Qb6 21. Rac1 $6 Rfd8 22. b4
g6 $6 23. e3 Qb7 24. Nd2 {Atalik,S-Vaganian,R/Manila ol/1992/0.5 (41)}) (15...
Bd6 16. Ne1 Qe7 17. Bxd5 exd5 18. Qc6 Ng4 19. Ng2 Qe6 20. Rac1 Rfe8 21. Bf4 Qf5
22. f3 Rxe2 23. Nh4 Qe6 24. fxg4 $16 {Verat-Wells/Paris-ch (8)/1993/1-0 (30)})
16. Ne1 c5 17. dxc5 Nxe3 18. Qxe3 Bxc5 19. Qf4 g5 20. Qg4 Qf6 21. Nd3 Bxg2 22.
Kxg2 Rfd8 23. Rac1 Bb6 24. Rxc8 $10 {Andersson,U-Tal,M/Brussels SWIFT/1988/0.5
(36)}) (14. Ne5 Nxc3 15. bxc3 Bxg2 16. Kxg2 c5 17. dxc5 Qc7 18. Nd3 Qb7+ 19.
Kg1 Nd5 20. Be3 Nxe3 {0,5/Lieb,H-Simon,A/Berlin-ch/1987/}) 14... c5 15. dxc5
Bxc5 16. Bxf6 Qxf6 17. Ne4 Qe7 18. Nxc5 Rxc5 19. Qd2 Nf6 (19... Rfc8 20. Ne1 h6
21. Rac1 Rxc1 22. Rxc1 Rxc1 23. Qxc1 Nf6 24. Nd3 $14 {Andersson,U-Georgiev,Kir/
Sarajevo (15)/1985/1-0 (45)}) 20. Qd6 (20. Rac1 h6 21. Rxc5 Qxc5 22. Rc1 Qb6
23. Ne5 Bxg2 24. Kxg2 $10 {Andersson,U-Beliavsky,A/Debrecen EU-chT (2) SWE-UKR/
1992/0.5 (32)}) 20... Qxd6 21. Rxd6 Rfc8 (21... Rc2 $2 22. Nd4 Rc7 23. Bxb7
Rxb7 24. Rxa6 $16) 22. Ne1 Bxg2 23. Kxg2 a5 (23... R5c6 24. Rad1 Kf8 25. Rxc6
Rxc6 26. Rd8+ Ke7 27. Ra8 $14) 24. Ra6 a4 25. b3 axb3 26. axb3 g5 27. Nd3 Rc2 (
27... Rc3 28. b4 $14) 28. Ra8 Rxa8 29. Rxa8+ Kg7 30. Kf1 Ne4 31. b4 (31. Rb8
Nd2+ 32. Ke1 Nxb3 33. Rxb5 Nd4 $10 (33... Rxe2+ $2 34. Kf1 Nd4 35. Rxg5+ Kf6
36. Rg4 $18)) 31... Nd2+ 32. Ke1 Nb3 33. Ra7 Kf6 (33... Nc1 $2 34. Kd1 Ra2 35.
Rxa2 Nxa2 36. Kc2 e5 37. Kb3 e4 38. Kxa2 exd3 39. exd3 $18) (33... Nd4 34. Kd1
$1 (34. Rd7 Nxe2 35. Ne5 Kf6 36. Nxf7 Nc3 37. Nd6 $13) 34... Rc3 35. Ne5 $16)
34. Rd7 Ra2 35. f3 h5 36. Kf2 g4 37. f4 Rd2 38. Rb7 (38. Rb7 Nd4 39. Ke3 Nb3
40. Ne5 $18) 1-0

[Event "Altensteig"]
[Site "Altensteig"]
[Date "1990.??.??"]
[Round "7"]
[White "Stangl, Markus"]
[Black "Luther, Thomas"]
[Result "1-0"]
[WhiteElo "2435"]
[BlackElo "2385"]
[Annotator "Ftacnik,L"]
[PlyCount "83"]
[EventDate "1990.07.??"]
[EventType "tourn"]
[EventRounds "11"]
[EventCountry "GER"]
[EventCategory "9"]
[SourceTitle "CBM 020"]
[Source "ChessBase"]
[SourceDate "1991.02.01"]
[SourceVersion "1"]
[SourceVersionDate "1991.02.01"]
[SourceQuality "1"]

1. Nf3 Nf6 2. c4 e6 3. g3 d5 4. Bg2 Be7 5. O-O O-O 6. d4 dxc4 7. Qc2 a6 8. Qxc4
b5 9. Qc2 Bb7 10. Bf4 Nc6 11. Nc3 Nb4 12. Qc1 c5 (12... Rc8 13. a3 Nbd5 (13...
c5 $6 14. dxc5 Nbd5 15. b4 Bxc5 16. bxc5 Rxc5 17. Nxd5 $1 Rxc1 18. Nxf6+ Qxf6
19. Raxc1 $18) 14. b4 a5 15. Nxb5 axb4 16. axb4 Bxb4 17. Be5 c6 $10 {
Chiburdanidze,M-Geller,E/Sochi/1989/ ->CBM 14}) 13. dxc5 Bxc5 14. a3 Nbd5 15.
Nxd5 Qxd5 16. Rd1 (16. Ne1 $5 Ne4 17. Nd3 $13) 16... Qh5 17. Bd6 $1 Rac8 (17...
Bxd6 18. Rxd6 Ng4 19. h3 $14) 18. Bxc5 (18. Bxf8 Bxf2+ 19. Kxf2 Rxc1 20. Raxc1
Kxf8 21. Rd8+ Ke7 22. Rb8 Bd5 $15) 18... Rxc5 19. Qf4 Rfc8 20. h3 Rc4 $6 (20...
h6 21. g4 Qg6 22. Nh4 $18) (20... Nd5 $5) 21. Qd6 h6 22. g4 Nxg4 (22... Qg6 23.
Nh4 Qg5 24. Bxb7 Qxh4 25. Bxc8 Qxh3 26. Bxe6 $1 fxe6 27. Rd3 Rxg4+ 28. Rg3 $16)
(22... Qc5 23. Ne5 Qxd6 24. Rxd6 R4c7 25. Bxb7 Rxb7 26. Rxa6 $16) 23. hxg4 Rxg4
24. Rd4 Be4 (24... Bxf3 25. exf3 Rg6 26. Rg4) 25. Ne1 Qg5 (25... Bxg2 26. Nxg2
Rg6 27. f3 Qh3 28. Rg4 $14) 26. f3 Bxf3 27. Nxf3 (27. exf3 $2 Qe3+ $19) 27...
Rxg2+ 28. Kf1 Qg6 29. Rad1 Rg3 (29... Rc2 30. Qb8+ Kh7 31. Rd8 $18) 30. Qe5 Rc2
31. R4d2 (31. Rd8+ Kh7 32. Qb8 $2 Rxf3+ $19) 31... Rc4 32. Rd8+ Kh7 33. Qb8
Rxf3+ 34. exf3 Qf5 35. Rh8+ Kg6 36. Qg3+ Kf6 37. Rhd8 Rf4 38. Kf2 g5 39. R8d4
Qc2+ 40. Kf1 h5 41. Rxf4+ gxf4 42. Qxf4+ {Ftacnik,L} 1-0

[Event "Candidates (Women)"]
[Site "Shanghai"]
[Date "1992.??.??"]
[Round "4"]
[White "Levitina, Irina S"]
[Black "Gaprindashvili, Nona"]
[Result "1-0"]
[WhiteElo "2415"]
[BlackElo "2435"]
[Annotator "Ftacnik,L"]
[PlyCount "111"]
[EventDate "1992.10.??"]
[EventType "tourn"]
[EventRounds "18"]
[EventCountry "CHN"]
[EventCategory "7"]
[SourceTitle "CBM 033"]
[Source "ChessBase"]
[SourceDate "1993.04.01"]
[SourceVersion "1"]
[SourceVersionDate "1993.04.01"]
[SourceQuality "1"]

1. d4 d5 2. Nf3 e6 3. c4 Nf6 4. g3 Be7 5. Bg2 O-O 6. O-O dxc4 7. Na3 Bxa3 8.
bxa3 Nc6 (8... Nd5 9. Qc2 Nb6 10. Ng5 f5 11. e4 Nc6 12. d5 Nd4 13. Qd2 c5 14.
dxc6 Nxc6 15. exf5 exf5 16. Bxc6 bxc6 17. Qxd8 Rxd8 18. Be3 Nd5 19. Bd4 Nf4 20.
Rfe1 Nd5 21. Rac1 h6 22. Ne6 Bxe6 23. Rxe6 c5 24. Be5 $15 {Michalet,G-Korneev,
O/Paris-ch (2)/1991/}) 9. Bb2 Nd5 (9... Bd7 10. Qc2 b5 11. Rad1 Nd5 12. e4 Nb6
13. Rfe1 f6 14. d5 exd5 15. exd5 Ne7 16. Nd4 Nexd5 17. a4 Nb4 18. Qc3 Nd3 19.
axb5 Nxe1 20. Nc6 Bxc6 21. Rxd8 Raxd8 22. Bxc6 Rd1 23. a4 Kh8 24. Qa5 $13 {
Arbakov,V-Timoschenko,G/Warszawa LEG op (08)/1992/}) (9... Rb8 10. a4 (10. Qc2
b5 11. Rad1 Ne7 12. e4 Bb7 13. Rfe1 Ng6 (13... Bxe4 14. Rxe4 Nxe4 15. Qxe4 Nd5
16. h4 h6 17. Ne5 Qd6 18. Re1 Rbd8 19. Qg4 f5 20. Qe2 Rf6 21. h5 c5 22. Bxd5
cxd4 23. Nc6 Re8 24. Bxd4 $18 {Benjamin,J-Browne,W/Long Beach ch-US (4)/1989/})
14. h4 Re8 15. Nh2 Qe7 16. Qe2 e5 17. h5 Nf8 18. dxe5 N6d7 19. Ng4 h6 20. f4
Nc5 21. Nf6+ Kh8 22. Nxe8 Rxe8 23. Kh2 Nd3 24. Rxd3 $13 {Korchnoi,V-Rodriguez,
O/Barcelona/1992/}) 10... a6 11. Qc2 b5 12. axb5 axb5 13. a4 Nb4 14. Qc1 bxa4
15. Rxa4 Bd7 16. Ra7 Bb5 17. Ne5 Nfd5 18. Ba3 c3 19. Re1 f6 20. Bxb4 Nxb4 21.
Qxc3 fxe5 22. Qxb4 Bc6 23. Qc4 Bxg2 24. Qxe6+ $17 {Bee,M-Winkeler,U/NWL-I 9192/
1992/}) 10. Rc1 Nb6 11. e3 Qd6 12. Qc2 (12. Nd2 e5 $13) 12... Bd7 13. Nd2 (13.
Ng5 f5 14. Rfd1 $13) 13... e5 14. Nxc4 Nxc4 15. Qxc4 exd4 16. exd4 Rac8 17. d5
Ne5 18. Qd4 f6 19. f4 Nf7 (19... Ng4 20. h3 Nh6 21. Qxa7 b6 $14) 20. Qxa7 Rfe8
21. Qf2 (21. Qxb7 $2 Rb8 22. Qxc7 Rxb2 $19) 21... Re7 22. Rfe1 Rce8 23. Rxe7
Rxe7 24. h3 (24. Re1 Rxe1+ 25. Qxe1 Qb6+ 26. Qf2 Qxf2+ 27. Kxf2 Nd6 $14) 24...
Bf5 25. Re1 Rxe1+ 26. Qxe1 Qb6+ 27. Kh2 $1 Nd6 (27... Qxb2 $4 28. Qe8#) 28. Qe2
Qc5 29. a4 b6 30. a3 Qc2 31. Qxc2 Bxc2 32. a5 bxa5 33. Bc3 a4 (33... Nc4 34. d6
(34. Bf1 Ne3 35. Bb5 a4) 34... Nxd6 35. Bxa5 c5 $13) 34. Ba5 Ne8 35. Kg1 Kf7
36. Kf2 Ke7 37. Ke3 Kd7 38. h4 Nd6 39. Bh3+ f5 40. Bf1 Bb3 41. Kd4 c6 42. dxc6+
Kxc6 43. Bb4 Ne4 44. g4 $1 Bc2 (44... Ng3 45. Bg2+) 45. g5 g6 46. Be2 Bb3 47.
h5 Kd7 (47... gxh5 48. Bxh5 Bg8 49. Be8+ Kc7 50. Ke5 $18) 48. Ke5 Ke8 49. h6
Kf7 50. Bb5 Nf2 51. Kd6 Ne4+ 52. Kc6 Ke6 53. Kb6 Nf2 54. Be8 Nd3 55. Bd2 Ke7
56. Bxg6 (56. Bxg6 hxg6 57. h7 $18) 1-0

[Event "Balkaniad"]
[Site "Kavala"]
[Date "1990.??.??"]
[Round "6"]
[White "Skalkotas, Nikolaos"]
[Black "Cvetkovic, Srdjan"]
[Result "1-0"]
[WhiteElo "2325"]
[BlackElo "2430"]
[Annotator "Ftacnik,L"]
[PlyCount "77"]
[EventDate "1990.10.??"]
[EventType "team"]
[EventRounds "6"]
[EventCountry "GRE"]
[SourceTitle "CBM 021"]
[Source "ChessBase"]
[SourceDate "1991.04.01"]
[SourceVersion "1"]
[SourceVersionDate "1991.04.01"]
[SourceQuality "1"]

1. c4 e6 2. g3 d5 3. Bg2 Nf6 4. Nf3 Be7 5. O-O O-O 6. d4 dxc4 7. Qc2 a6 8. a4
Bd7 9. Rd1 Bc6 10. Nc3 (10. Qxc4 b5 $132) 10... Bb4 11. Bg5 Bxc3 (11... Nbd7
12. d5 $5 exd5 13. Nxd5 $16) 12. Bxf6 (12. bxc3 Nbd7 $22 13. e4 Bxe4) 12...
Qxf6 13. bxc3 Nd7 (13... Qg6 14. Qa2 $14) 14. Qa2 $5 (14. e4 b5 $13) 14... Nb6
(14... b5 15. Ne5 $1 Bxg2 16. Nxd7 $16) 15. a5 Nd5 16. Rdc1 (16. Qxc4 $2 Bb5
17. Qc5 Bxe2 $19) 16... Bb5 17. e4 Ne7 18. e5 Qh6 19. Nd2 c5 (19... Bc6 20.
Qxc4 Bxg2 21. Kxg2 c6 22. Ne4 $16) 20. dxc5 (20. Nxc4 cxd4 21. cxd4 Rac8 $1
$132) 20... Rac8 21. Ne4 (21. Nxc4 Rxc5 22. Nd6 Rxe5 $13) 21... Rc7 22. Qe2 Rd8
$6 (22... Nd5 $5) 23. Nd6 Nc6 24. Rd1 Rf8 25. f4 f6 26. Nxb5 axb5 27. a6 $1 (
27. exf6 Qxf6 $14) 27... bxa6 28. Rxa6 Nd8 29. Rad6 Nf7 30. Rxe6 Rxc5 31. Rb6
Nd8 32. e6 f5 (32... Re8 33. Rxd8 $1 Rxd8 34. e7 Re8 35. Qe6+ Kh8 36. Rb8 $1
Qh5 37. Rd8 $18) 33. Rxd8 $1 Rxd8 34. e7 Re8 (34... Qxb6 35. e8=Q+ $1) 35. Rxh6
gxh6 36. Qe6+ Kg7 37. Bc6 Rxc6 38. Qxc6 Rxe7 39. Qxb5 {Ftacnik,L} 1-0

[Event "Tilburg"]
[Site "Tilburg"]
[Date "1994.??.??"]
[Round "3"]
[White "Antunes, Antonio"]
[Black "Karpov, Anatoly"]
[Result "0-1"]
[WhiteElo "2510"]
[BlackElo "2780"]
[Annotator "Ftacnik,L"]
[PlyCount "146"]
[EventDate "1994.09.??"]
[EventType "k.o."]
[EventRounds "7"]
[EventCountry "NED"]
[SourceTitle "CBM 044"]
[Source "ChessBase"]
[SourceDate "1995.02.01"]
[SourceVersion "1"]
[SourceVersionDate "1995.02.01"]
[SourceQuality "1"]

1. Nf3 Nf6 2. c4 e6 3. g3 d5 4. Bg2 Be7 5. O-O O-O 6. d4 dxc4 7. Ne5 Nc6 8.
Nxc6 bxc6 9. Na3 Bxa3 10. bxa3 Ba6 11. Bg5 $146 (11. Bxc6 Rb8) 11... h6 (11...
Qd6 12. Qa4 Bb5 13. Qa5 Nd5 14. a4 $140 Qa3) 12. Bxf6 Qxf6 13. Bxc6 (13. Qa4
Bb5 14. Qa5 c3 $10) 13... Rab8 14. Qa4 Rb6 15. Rfd1 Rd8 16. Bf3 $1 c6 $1 (16...
Rxd4 17. Rxd4 Qxd4 18. Rd1 Bb5 $1 19. Qc2 Qf6 20. a4 (20. Kg2 Ra6 21. Rb1 $13)
20... Bc6) 17. Kg2 Qe7 (17... Rxd4 $6 18. Rxd4 Qxd4 19. Rd1 Qf6 20. Rd7 $44)
18. e3 Rc8 (18... Bb5 19. Qb4 Qxb4 20. axb4 Ba4 21. Rdc1 Rxb4 22. a3 Rb6 23.
Rxc4 $14) 19. h4 Bb5 20. Qb4 c5 $1 21. dxc5 Rxc5 22. Rd8+ Kh7 (22... Qxd8 23.
Qxc5 $13) 23. Rad1 Bc6 $1 24. Qc3 Bxf3+ 25. Kxf3 Rf5+ (25... Qb7+ 26. e4 (26.
Ke2 Rf5 $19) 26... f5 27. R8d4 Re5 28. Re1 $13) 26. Kg2 Qb7+ 27. Kg1 Qf3 28.
Rf1 (28. R8d2 Rc6 $17) 28... Rc6 (28... Rb1 $1 29. Rxb1 (29. Qc2 Rxf1+ 30. Kxf1
Qh1+ 31. Ke2 Qg2 $19) 29... Qxf2+ 30. Kh1 Qf3+ 31. Kh2 Qe2+ 32. Kh3 (32. Kg1
Rf2 $19) 32... Rf2 33. Rh1 Qf3 34. Rh2 Qf5+ 35. g4 Qf3#) 29. Rd4 Qe2 $6 (29...
g5 $1 30. hxg5 (30. Rxc4 gxh4 31. Rxc6 h3 $19) 30... hxg5 31. Rxc4 g4 32. Rxc6
Rh5 $19) 30. Rd2 Qf3 31. Rd4 Qe2 32. Rd2 Qh5 33. Rb1 Rd5 34. Qc2+ Qg6 35. Qxg6+
Kxg6 36. Rc2 Rd3 37. a4 Ra3 38. Rb4 c3 39. Kf1 Ra6 40. Rb3 (40. Rg4+ Kf6 41.
Rf4+ Ke7 42. Rc4 R3xa4 (42... R6xa4 43. R2xc3 Rxa2 44. Rc7+ $132) 43. R4xc3
Rxa2 44. Rc7+ Kf6 45. R2c4 $132) 40... R3xa4 41. Rcxc3 Rxa2 42. Rb7 Rb6 43.
Rxb6 axb6 44. Rb3 Ra6 45. e4 (45. g4 Kf6 46. h5 $17) 45... Kf6 46. f4 Ke7 47.
Ke2 Kd6 48. g4 (48. e5+ Kd5 49. Rd3+ Ke4 $19) (48. Rd3+ Kc6 49. Rc3+ Kb7 50.
Rd3 Ra7 51. Rd7+ Ka6 $19) 48... Ra2+ 49. Ke3 Kc6 50. Rc3+ Kb7 51. Rd3 Rc2 52.
h5 b5 53. e5 Kc7 54. Ra3 Kb6 55. Ra8 Rc3+ 56. Kd4 Rc4+ 57. Ke3 Rc3+ 58. Kd4
Rc4+ 59. Ke3 Rc7 60. Rg8 (60. Rb8+ Rb7 (60... Kc5 61. Kd3) 61. Rg8 b4 62. Kd3
Rc7 63. Rb8+ Ka5 $19) 60... b4 61. Kd3 b3 62. Rb8+ Rb7 63. Rc8 (63. Rxb7+ Kxb7
64. Kc3 Kc6 65. Kxb3 Kd5 $19) 63... Ka7 64. Rc1 Rb5 65. Rb1 Kb6 66. Kc3 Kc5 67.
Kb2 Rb4 68. Rf1 Kd5 69. Rf3 Ke4 70. Rf1 Rb7 71. Rf2 Ke3 72. Rf1 Ke2 73. Rg1 Kf2
(73... Kf2 74. Rc1 Kf3 75. g5 Kxf4 $19) 0-1